Условия формирования биоактивных покрытий методом ВЧ магнетронного напыления на ПЭЭК; Перспективы развития фундаментальных наук; Т. 1 : Физика

Dades bibliogràfiques
Parent link:Перспективы развития фундаментальных наук=Prospects of Fundamental Sciences Development: сборник научных трудов XVIII Международной конференции студентов, аспирантов и молодых ученых, г. Томск, 27-30 апреля 2021 г./ Национальный исследовательский Томский политехнический университет (ТПУ) ; под ред. И. А. Курзиной, Г. А. Вороновой.— , 2021
Т. 1 : Физика.— 2021.— [С. 205-207]
Autor principal: Ли В. И.
Autor corporatiu: Национальный исследовательский Томский политехнический университет Инженерная школа ядерных технологий Лаборатория плазменных гибридных систем
Altres autors: Акимченко И. О. Игорь Олегович (научный руководитель), Дубиненко Г. Е. Глеб Евгеньевич, Твердохлебов С. И. Сергей Иванович
Sumari:Заглавие с экрана
PEEK is perspective polymer for orthopedic implants. To increase bioactivity and osteoconductivity, various calcium phosphates coatings can be formed on the PEEK surface. The work identified the critical modes of CaP coatings formation on FDM 3D-printed PEEK samples by the method of high-frequency magnetron sputtering of hydroxyapatite target. With a specific power of 4.7 W/cm2 , it is possible to form uniform bioactive coatings on the surface of flat and 3D PEEK samples without deformation.
Idioma:rus
Publicat: 2021
Matèries:
Accés en línia:http://earchive.tpu.ru/handle/11683/68230
Format: MixedMaterials Electrònic Capítol de llibre
KOHA link:https://koha.lib.tpu.ru/cgi-bin/koha/opac-detail.pl?biblionumber=633415

MARC

LEADER 00000naa2a2200000 4500
001 633415
005 20250807150919.0
035 |a (RuTPU)RU\TPU\conf\35163 
035 |a RU\TPU\conf\35072 
090 |a 633415 
100 |a 20210818d2021 k y0rusy50 ca 
101 0 |a rus 
102 |a RU 
135 |a drgn ---uucaa 
181 0 |a i  
182 0 |a b 
200 1 |a Условия формирования биоактивных покрытий методом ВЧ магнетронного напыления на ПЭЭК  |d Formation conditions of bioactive coatings by RF magnetron sputtering on peek  |f В. И. Ли, И. Акимченко, Г. Дубиненко  |g науч. рук. С. И. Твердохлебов 
203 |a Текст  |c электронный 
300 |a Заглавие с экрана 
320 |a [Библиогр.: с. 207 (6 назв.)] 
330 |a PEEK is perspective polymer for orthopedic implants. To increase bioactivity and osteoconductivity, various calcium phosphates coatings can be formed on the PEEK surface. The work identified the critical modes of CaP coatings formation on FDM 3D-printed PEEK samples by the method of high-frequency magnetron sputtering of hydroxyapatite target. With a specific power of 4.7 W/cm2 , it is possible to form uniform bioactive coatings on the surface of flat and 3D PEEK samples without deformation. 
461 1 |0 (RuTPU)RU\TPU\conf\35054  |t Перспективы развития фундаментальных наук  |l Prospects of Fundamental Sciences Development  |o сборник научных трудов XVIII Международной конференции студентов, аспирантов и молодых ученых, г. Томск, 27-30 апреля 2021 г.  |o в 7 т.  |f Национальный исследовательский Томский политехнический университет (ТПУ) ; под ред. И. А. Курзиной, Г. А. Вороновой  |d 2021 
463 1 |0 (RuTPU)RU\TPU\conf\35055  |t Т. 1 : Физика  |v [С. 205-207]  |d 2021 
510 1 |a Formation conditions of bioactive coatings by RF magnetron sputtering on peek  |z eng 
610 1 |a электронный ресурс 
610 1 |a труды учёных ТПУ 
610 1 |a биоактивные покрытия 
610 1 |a ВЧ-магнетронное напыление 
610 1 |a регенерация 
610 1 |a костные ткани 
610 1 |a имплантаты 
610 1 |a биосовместимость 
700 1 |a Ли  |b В. И. 
701 1 |a Акимченко  |b И. О.  |c физик  |c инженер Томского политехнического университета  |f 1996-  |g Игорь Олегович  |3 (RuTPU)RU\TPU\pers\46656  |9 22312 
701 1 |a Дубиненко  |b Г. Е.  |c специалист в области материаловедения  |c инженер Томского политехнического университета  |f 1992-  |g Глеб Евгеньевич  |3 (RuTPU)RU\TPU\pers\42359  |9 21520 
702 1 |a Твердохлебов  |b С. И.  |c физик  |c доцент Томского политехнического университета, кандидат физико-математических наук  |f 1961-  |g Сергей Иванович  |4 727 
712 0 2 |a Национальный исследовательский Томский политехнический университет  |b Инженерная школа ядерных технологий  |b Лаборатория плазменных гибридных систем  |3 (RuTPU)RU\TPU\col\23381 
801 2 |a RU  |b 63413507  |c 20210902  |g RCR 
856 4 |u http://earchive.tpu.ru/handle/11683/68230 
942 |c CF